[Event "Figueres op 07th"]
[Site "Figueres"]
[Date "2006.08.12"]
[Round "6"]
[White "Czakon, Jakub"]
[Black "Zair, Abdelkarim"]
[Result "1-0"]
[WhiteElo "2484"]
[BlackElo "2276"]
[PlyCount "105"]
[EventDate "2006.08.08"]
[EventType "swiss"]
[EventRounds "9"]
[EventCountry "ESP"]
[SourceTitle "CBM 113 Extra"]
[Source "ChessBase"]
[SourceDate "2006.09.14"]
[SourceVersion "1"]
[SourceVersionDate "2006.09.14"]
[SourceQuality "1"]

1. d4 Nf6 2. c4 e6 3. Nc3 d5 4. Nf3 Nbd7 5. Bf4 c6 6. e3 Be7 7. c5 Nh5 8. Bd3 Nxf4 9. exf4 b6 10. b4 bxc5 11. bxc5 Qa5 12. Qd2 Ba6 13. 0-0 Bxd3 14. Qxd3 0-0 15. Rab1 Rab8 16. Ne5 Nxe5 17. fxe5 Qa3 18. Qc2 f6 19. exf6 Bxf6 20. Ne2 Rxb1 21. Rxb1 e5 22. dxe5 Bxe5 23. Nc1 Bd4 24. Nd3 Re8 25. g3 h6 26. Kg2 Qa6 27. Rb4 Bf6 28. Nf4 Qc8 29. Qg6 Rf8 30. Qb1 Bg5 31. Ng6 Re8 32. Rb7 Qe6 33. h4 Be7 34. Nf4 Qe4+ 35. Qxe4 dxe4 36. Rxa7 Bxc5 37. Ra6 Rc8 38. Ne6 Bf8 39. Ra4 Re8 40. Nd4 c5 41. Nc2 Rb8 42. Rc4 Rb2 43. a4 Ra2 44. Ne3 g6 45. Rxe4 Bg7 46. Rc4 Kf7 47. Kf3 h5 48. Nc2 Ke6 49. Ke4 Bf8 50. Kd3 Bg7 51. f3 Kd5 52. Re4 Bd4 53. Rxd4+ 1-0

[Event "Banyoles op 6th"]
[Site "Banyoles"]
[Date "2003.08.10"]
[Round "9"]
[White "Zair, Abdelkarim"]
[Black "Pinyol Clapera, David"]
[Result "1-0"]
[WhiteElo "2314"]
[BlackElo "2131"]
[PlyCount "89"]
[EventDate "2003.08.??"]
[EventType "swiss"]
[EventRounds "9"]
[EventCountry "ESP"]
[SourceTitle "EXT 2005"]
[Source "ChessBase"]
[SourceDate "2004.11.15"]
[SourceVersion "1"]
[SourceVersionDate "2004.11.15"]
[SourceQuality "1"]

1. Nf3 g6 2. c4 Bg7 3. g3 Nf6 4. Bg2 0-0 5. 0-0 d5 6. cxd5 Nxd5 7. Nc3 c6 8. d4 Nd7 9. Bg5 h6 10. Bd2 N5b6 11. Qc1 Kh7 12. Ne4 f5 13. Nc3 Nc4 14. Rd1 Nxd2 15. Qxd2 Qe8 16. d5 cxd5 17. Nxd5 Qf7 18. Rac1 Nb6 19. Nxb6 axb6 20. b3 Be6 21. Rc7 Ra5 22. Rxb7 Rd5 23. Ng5+ hxg5 24. Bxd5 Rd8 25. Bxe6 Rxd2 26. Bxf7 Rxd1+ 27. Kg2 Rd6 28. Rxe7 g4 29. a4 Kh6 30. Bc4 Bd4 31. Bd3 Bc5 32. Rc7 Rd5 33. Rc6 Re5 34. b4 Bxb4 35. Rxb6 Bc3 36. Rb5 Re7 37. a5 Ra7 38. a6 Rxa6 39. Rxf5 Rd6 40. Rf4 Kg5 41. h3 gxh3+ 42. Kxh3 Kh6 43. Ra4 Rf6 44. f4 g5 45. Kg4 1-0

[Event "Banyoles op 6th"]
[Site "Banyoles"]
[Date "2003.08.09"]
[Round "8"]
[White "Vilar Lopez, Monica"]
[Black "Zair, Abdelkarim"]
[Result "1/2-1/2"]
[WhiteElo "2147"]
[BlackElo "2314"]
[PlyCount "75"]
[EventDate "2003.08.??"]
[EventType "swiss"]
[EventRounds "9"]
[EventCountry "ESP"]
[SourceTitle "EXT 2005"]
[Source "ChessBase"]
[SourceDate "2004.11.15"]
[SourceVersion "1"]
[SourceVersionDate "2004.11.15"]
[SourceQuality "1"]

1. e4 c5 2. Nc3 a6 3. g3 b5 4. Bg2 Bb7 5. d3 d6 6. a3 Nc6 7. Nge2 g6 8. 0-0 Bg7 9. Be3 Nd4 10. Rb1 e6 11. Qd2 Ne7 12. Nd1 0-0 13. Nc1 f5 14. c3 Ndc6 15. f4 Qd7 16. Nf2 a5 17. Ne2 Kh8 18. Kh1 Rae8 19. Rbd1 a4 20. d4 cxd4 21. Nxd4 Na5 22. Qe2 Nc4 23. Bc1 Ng8 24. Nf3 Qc6 25. Nd2 Nf6 26. Nxc4 bxc4 27. Rfe1 e5 28. Qf1 exf4 29. Bxf4 Nxe4 30. Nxe4 fxe4 31. Rxd6 Qb5 32. Qe2 g5 33. Be3 Rd8 34. Red1 Rxd6 35. Rxd6 h6 36. Kg1 Rf6 37. Rd8+ Rf8 38. Rd6 1/2-1/2

[Event "Barcelona Sants op 03rd"]
[Site "Barcelona"]
[Date "2001.??.??"]
[Round "?"]
[White "Zair, Abdelkarim"]
[Black "Castaner Harster, Xavier"]
[Result "1-0"]
[WhiteElo "2328"]
[BlackElo "2172"]
[PlyCount "94"]
[EventDate "2001.08.??"]
[EventType "swiss"]
[EventRounds "9"]
[EventCountry "ESP"]
[SourceTitle "EXT 2005"]
[Source "ChessBase"]
[SourceDate "2004.11.15"]
[SourceVersion "1"]
[SourceVersionDate "2004.11.15"]
[SourceQuality "1"]

1. e4 c5 2. Nf3 e6 3. d4 cxd4 4. Nxd4 a6 5. Nc3 Qc7 6. Bd3 Nf6 7. 0-0 Be7 8. a4 d6 9. Kh1 Bd7 10. f4 Nc6 11. Nf3 h5 12. Ng5 Ng4 13. Nf3 0-0-0 14. Qe2 Nb4 15. Bd2 Nxd3 16. cxd3 Kb8 17. b4 b6 18. b5 a5 19. Rac1 Qb7 20. h3 Rc8 21. Kg1 Nf6 22. Ng5 Rcf8 23. Be3 Ne8 24. Qf2 Ka7 25. Nf3 Nf6 26. Rc2 Rc8 27. Nd4 Bd8 28. Rfc1 Ka8 29. Nb3 e5 30. fxe5 dxe5 31. Nd2 Be6 32. Ne2 Rxc2 33. Rxc2 Nd7 34. d4 f6 35. d5 Bf7 36. Nc4 Bc7 37. Nc3 Rc8 38. Qf5 Bb8 39. Ne2 g6 40. Qf2 Bc7 41. Nc3 Qb8 42. Nd1 Bd8 43. Rc3 Kb7 44. Qc2 Be7 45. Nxb6 Nxb6 46. Bxb6 Rxc3 47. Qxc3 Kxb6 1-0

[Event "Barcelona Sants op 03rd"]
[Site "Barcelona"]
[Date "2001.??.??"]
[Round "?"]
[White "Zair, Abdelkarim"]
[Black "Medina Zamora, Joan Carlos"]
[Result "1-0"]
[WhiteElo "2328"]
[BlackElo "2098"]
[PlyCount "95"]
[EventDate "2001.08.??"]
[EventType "swiss"]
[EventRounds "9"]
[EventCountry "ESP"]
[SourceTitle "EXT 2005"]
[Source "ChessBase"]
[SourceDate "2004.11.15"]
[SourceVersion "1"]
[SourceVersionDate "2004.11.15"]
[SourceQuality "1"]

1. e4 c6 2. d4 d5 3. exd5 cxd5 4. Bd3 Nc6 5. c3 Nf6 6. Bf4 Bg4 7. Qb3 Qd7 8. Nd2 Nh5 9. Be3 f5 10. h3 f4 11. hxg4 fxe3 12. fxe3 Nf6 13. Bf5 e6 14. Bg6+ Kd8 15. g5 Ng4 16. Nf1 e5 17. Bh5 exd4 18. Rh4 Nxe3 19. Nxe3 Bd6 20. 0-0-0 dxe3 21. Qxd5 Kc7 22. Re4 Ne7 23. Rc4+ Nc6 24. Bg4 Qd8 25. Ne2 Re8 26. Nd4 e2 27. Nxe2 Re5 28. Qf7+ Qe7 29. g6 Qxf7 30. gxf7 Rf8 31. Nd4 Rxf7 32. Ne6+ Rxe6 33. Bxe6 Rf6 34. Bd5 Bf4+ 35. Kc2 b5 36. Rxc6+ Rxc6 37. Bxc6 Kxc6 38. Rh1 h6 39. Kd3 Kd5 40. b3 a5 41. g4 Bg5 42. c4+ Kc5 43. cxb5 Kxb5 44. Rf1 Kb4 45. Rf5 Bf6 46. Kc2 Bd8 47. a4 Bc7 48. Kb2 1-0

[Event "Banyoles op 3rd"]
[Site "Banyoles"]
[Date "2000.??.??"]
[Round "5"]
[White "Oratovsky, Michael"]
[Black "Zair, Abdelkarim"]
[Result "1-0"]
[WhiteElo "2486"]
[BlackElo "2314"]
[PlyCount "65"]
[EventDate "2000.08.05"]
[EventType "swiss"]
[EventRounds "9"]
[EventCountry "ESP"]
[SourceTitle "EXT 2001"]
[Source "ChessBase"]
[SourceDate "2000.11.22"]
[SourceVersion "1"]
[SourceVersionDate "2000.11.22"]
[SourceQuality "1"]

1. e4 c5 2. Nf3 d6 3. Bb5+ Nd7 4. 0-0 a6 5. Bxd7+ Bxd7 6. d4 cxd4 7. Qxd4 Bg4 8. Qd3 Rc8 9. Nd4 g6 10. b3 Bg7 11. Bb2 Nf6 12. c4 0-0 13. h3 Bd7 14. Nc3 Re8 15. Rae1 Qa5 16. f4 e5 17. Nc2 exf4 18. Rxf4 Nh5 19. Rf3 Be5 20. Ne3 Qd8 21. Ref1 Rf8 22. Qd2 Qg5 23. Ncd5 Be6 24. Qf2 b5 25. g4 bxc4 26. Bxe5 Bxd5 27. Bd4 Be6 28. h4 Qa5 29. gxh5 Qxh5 30. Nxc4 Bxc4 31. bxc4 Rxc4 32. Rxf7 Qg4+ 33. Kh2 1-0

[Event "Terrassa op 6th"]
[Site "Terrassa"]
[Date "1999.??.??"]
[Round "9"]
[White "Moskalenko, Viktor"]
[Black "Zair, Abdelkarim"]
[Result "1-0"]
[WhiteElo "2469"]
[BlackElo "2302"]
[PlyCount "37"]
[EventDate "1999.07.17"]
[EventType "swiss"]
[EventRounds "9"]
[EventCountry "ESP"]
[SourceTitle "EXT 2001"]
[Source "ChessBase"]
[SourceDate "2000.11.22"]
[SourceVersion "1"]
[SourceVersionDate "2000.11.22"]
[SourceQuality "1"]

1. Nf3 d5 2. c4 e6 3. e3 Nf6 4. b3 Be7 5. Bb2 0-0 6. Be2 Nbd7 7. 0-0 b6 8. Nc3 Bb7 9. cxd5 Nxd5 10. Nxd5 exd5 11. Rc1 c5 12. d4 a6 13. Bd3 Re8 14. Qc2 Nf8 15. Rfd1 Qd7 16. dxc5 bxc5 17. e4 d4 18. b4 cxb4 19. Nxd4 1-0

[Event "Barbera del Valles op"]
[Site "Barbera del Valles"]
[Date "1999.??.??"]
[Round "3"]
[White "Stefanova, Antoaneta"]
[Black "Zair, Abdelkarim"]
[Result "1/2-1/2"]
[WhiteElo "2452"]
[BlackElo "2302"]
[PlyCount "73"]
[EventDate "1999.07.??"]
[EventType "swiss"]
[EventRounds "9"]
[EventCountry "ESP"]
[SourceTitle "EXT 2001"]
[Source "ChessBase"]
[SourceDate "2000.11.22"]
[SourceVersion "1"]
[SourceVersionDate "2000.11.22"]
[SourceQuality "1"]

1. d4 Nf6 2. Bg5 e6 3. Nd2 h6 4. Bh4 d5 5. e3 c5 6. c3 Nc6 7. f4 cxd4 8. exd4 Bd6 9. Qf3 Qc7 10. Nh3 Bd7 11. Bf2 Ne7 12. Bd3 a6 13. Bh4 Bb5 14. Bc2 a5 15. a4 Ba6 16. g3 Nc6 17. Nb3 Qb6 18. 0-0-0 0-0-0 19. f5 Bc4 20. Nd2 e5 21. Nxc4 dxc4 22. Bxf6 gxf6 23. d5 Ne7 24. Qh5 Qe3+ 25. Kb1 Rhf8 26. Qh4 Qc5 27. Be4 Ng8 28. Rhf1 Rd7 29. Nf2 b5 30. Bc2 bxa4 31. Bxa4 Rb7 32. Ne4 Rxb2+ 33. Kxb2 Qa3+ 34. Kb1 Kc7 35. Nxd6 Rb8+ 36. Nb5+ Rxb5+ 37. Bxb5 1/2-1/2

[Event "Terrassa op"]
[Site "Terrassa"]
[Date "1998.??.??"]
[Round "?"]
[White "Zair, Abdelkarim"]
[Black "Arencibia Rodriguez, Walter"]
[Result "0-1"]
[WhiteElo "2265"]
[BlackElo "2535"]
[PlyCount "56"]
[EventDate "1998.??.??"]
[EventType "swiss"]
[EventRounds "9"]
[EventCountry "ESP"]
[SourceTitle "EXT 2003"]
[Source "ChessBase"]
[SourceDate "2002.11.25"]
[SourceVersion "1"]
[SourceVersionDate "2002.11.25"]
[SourceQuality "1"]

1. e4 c6 2. d4 d5 3. Nc3 dxe4 4. Nxe4 Nd7 5. Bc4 Ngf6 6. Ng5 e6 7. Qe2 Nb6 8. Bb3 h6 9. N5f3 a5 10. a4 c5 11. dxc5 Bxc5 12. Ne5 0-0 13. Ngf3 Nbd5 14. 0-0 b6 15. Bc4 Bb7 16. Rd1 Qc7 17. Nd4 Rad8 18. c3 Ne4 19. Ng4 Nf4 20. Nxh6+ gxh6 21. Qg4+ Ng6 22. Bxe6 fxe6 23. Qxg6+ Kh8 24. Bxh6 Rg8 25. Bf4 Rxg6 26. Bxc7 Rf8 27. Be5+ Kg8 28. f4 Nd6 0-1

[Event "Sant Boi op"]
[Site "Sant Boi de Llobregat"]
[Date "1998.??.??"]
[Round "2"]
[White "Zair, Abdelkarim"]
[Black "Colom Andres, Xavier"]
[Result "1-0"]
[WhiteElo "2330"]
[BlackElo "2040"]
[PlyCount "81"]
[EventDate "1998.??.??"]
[EventType "swiss"]
[EventRounds "8"]
[EventCountry "ESP"]
[SourceTitle "EXT 2003"]
[Source "ChessBase"]
[SourceDate "2002.11.25"]
[SourceVersion "1"]
[SourceVersionDate "2002.11.25"]
[SourceQuality "1"]

1. e4 e6 2. d4 d5 3. Nc3 Nf6 4. Bg5 Be7 5. Bxf6 Bxf6 6. Nf3 Nc6 7. Bb5 a6 8. Bxc6+ bxc6 9. 0-0 0-0 10. Re1 Rb8 11. Rb1 Bd7 12. Qd3 Qc8 13. Na4 Be8 14. Nc5 Ra8 15. b4 Be7 16. Qc3 Bd6 17. a3 f5 18. exd5 exd5 19. Ne5 Rf6 20. f4 Rh6 21. Qd2 Qd8 22. Nf3 Bf7 23. Ng5 Rg6 24. g3 h6 25. Nf3 Rf6 26. Rb3 Bh5 27. Ne5 Be8 28. Rbe3 Rf8 29. Ne6 Qf6 30. Nxf8 Bxf8 31. c3 Bd6 32. Qe2 Bf7 33. Nxf7 Qxf7 34. Re8+ Rxe8 35. Qxe8+ Qxe8 36. Rxe8+ Kf7 37. Ra8 g5 38. fxg5 hxg5 39. Rxa6 f4 40. gxf4 Bxf4 41. Rxc6 1-0

[Event "Terrassa op"]
[Site "Terrassa"]
[Date "1998.??.??"]
[Round "?"]
[White "Zair, Abdelkarim"]
[Black "Gual Pascual, Antonio"]
[Result "0-1"]
[WhiteElo "2265"]
[BlackElo "2440"]
[PlyCount "112"]
[EventDate "1998.??.??"]
[EventType "swiss"]
[EventRounds "9"]
[EventCountry "ESP"]
[SourceTitle "EXT 2003"]
[Source "ChessBase"]
[SourceDate "2002.11.25"]
[SourceVersion "1"]
[SourceVersionDate "2002.11.25"]
[SourceQuality "1"]

1. e4 d6 2. d4 Nf6 3. Nc3 g6 4. Nf3 Bg7 5. Bc4 0-0 6. e5 dxe5 7. Nxe5 Nfd7 8. Nf3 Nc6 9. Be3 Nb6 10. Be2 Bg4 11. Ng1 Bxe2 12. Ngxe2 Nc4 13. Qd3 Nxe3 14. fxe3 Nb4 15. Qd2 e5 16. 0-0-0 Bh6 17. Kb1 Nd5 18. Nxd5 Qxd5 19. Nc3 Qa5 20. Qd3 exd4 21. exd4 Rad8 22. Ne4 Bg7 23. c3 Qd5 24. g4 f5 25. gxf5 Rxf5 26. Rhe1 b6 27. Qc2 Rdf8 28. Rd2 Rf4 29. Rde2 Qf5 30. Ng3 Qxc2+ 31. Kxc2 h5 32. Re6 Rf2+ 33. R6e2 h4 34. Ne4 Rxe2+ 35. Rxe2 Bh6 36. Rg2 Kg7 37. Rg4 g5 38. Nxg5 Rf2+ 39. Kb3 Bxg5 40. Rxg5+ Kh6 41. Rg8 Rxh2 42. Rh8+ Kg5 43. Rg8+ Kf4 44. Rf8+ Kg3 45. Rg8+ Kf2 46. Rf8+ Kg1 47. Rh8 Kg2 48. Kc4 Kg3 49. Rg8+ Kh3 50. Rg7 Rxb2 51. Rxc7 Kh2 52. Kd5 h3 53. Rh7 Kg2 54. Rg7+ Kf1 55. Rh7 h2 56. Kc6 b5 0-1

[Event "Sant Boi op"]
[Site "Sant Boi de Llobregat"]
[Date "1998.??.??"]
[Round "7"]
[White "Zair, Abdelkarim"]
[Black "Ribera Nebot, Joan"]
[Result "1-0"]
[WhiteElo "2330"]
[BlackElo "2225"]
[PlyCount "72"]
[EventDate "1998.??.??"]
[EventType "swiss"]
[EventRounds "8"]
[EventCountry "ESP"]
[SourceTitle "EXT 2003"]
[Source "ChessBase"]
[SourceDate "2002.11.25"]
[SourceVersion "1"]
[SourceVersionDate "2002.11.25"]
[SourceQuality "1"]

1. e4 d6 2. d4 Nf6 3. Nc3 g6 4. Nf3 Bg7 5. Bc4 0-0 6. e5 dxe5 7. Nxe5 c6 8. 0-0 Nbd7 9. Bg5 Qc7 10. Qe2 b5 11. Bb3 Bb7 12. Rfe1 e6 13. a3 a6 14. Rad1 Nd5 15. Nxd5 cxd5 16. Rd3 Nxe5 17. dxe5 Qd7 18. Bf6 Rfc8 19. Bxg7 Kxg7 20. Qd2 h6 21. Qf4 Qe7 22. Rf3 Rc7 23. h4 Rac8 24. Rd3 Rc4 25. Bxc4 Rxc4 26. Rd4 Rxc2 27. b4 Qc7 28. Re3 Ra2 29. Rf3 Re2 30. Re3 Ra2 31. h5 Rc2 32. Qf6+ Kh7 33. hxg6+ fxg6 34. Rh3 h5 35. Rg4 Rc1+ 36. Kh2 Rh1+ 1-0

[Event "Terrassa op"]
[Site "Terrassa"]
[Date "1994.??.??"]
[Round "3"]
[White "Magem Badals, Jordi"]
[Black "Zair, Abdelkarim"]
[Result "1-0"]
[WhiteElo "2520"]
[BlackElo "2265"]
[PlyCount "85"]
[EventDate "1994.07.??"]
[EventType "swiss"]
[EventRounds "9"]
[EventCountry "ESP"]
[SourceTitle "EXT 2000"]
[Source "ChessBase"]
[SourceDate "1999.11.16"]
[SourceVersion "1"]
[SourceVersionDate "1999.11.16"]
[SourceQuality "1"]

1. e4 c5 2. Nf3 d6 3. d4 cxd4 4. Nxd4 Nf6 5. f3 Nc6 6. Nc3 e6 7. Be3 Be7 8. Qd2 0-0 9. g4 Nxd4 10. Bxd4 d5 11. g5 Nh5 12. Rg1 Qa5 13. exd5 exd5 14. 0-0-0 Bd6 15. Kb1 Be6 16. h4 Rfd8 17. Bd3 Rac8 18. Qf2 g6 19. Ne2 Bc5 20. Rge1 Ng7 21. Bxc5 Qxc5 22. Qxc5 Rxc5 23. Nd4 a6 24. Re5 Re8 25. Rde1 Rcc8 26. Kc1 Rcd8 27. Kd2 Bc8 28. Rxe8+ Rxe8 29. Rxe8+ Nxe8 30. Ke3 Kf8 31. Kf4 Ke7 32. Ke5 Be6 33. f4 f6+ 34. gxf6+ Nxf6 35. Nxe6 Nd7+ 36. Kxd5 Nf6+ 37. Kc5 Kxe6 38. Kb6 Nh5 39. Kxb7 Nxf4 40. Bxa6 Ng2 41. a4 Nxh4 42. a5 Nf3 43. Bc4+ 1-0

[Event "Terrassa op"]
[Site "Terrassa"]
[Date "1994.??.??"]
[Round "5"]
[White "Zair, Abdelkarim"]
[Black "Alvarez Ibarra, Rafael"]
[Result "1/2-1/2"]
[WhiteElo "2265"]
[BlackElo "2430"]
[PlyCount "54"]
[EventDate "1994.07.??"]
[EventType "swiss"]
[EventRounds "9"]
[EventCountry "ESP"]
[SourceTitle "EXT 2000"]
[Source "ChessBase"]
[SourceDate "1999.11.16"]
[SourceVersion "1"]
[SourceVersionDate "1999.11.16"]
[SourceQuality "1"]

1. e4 e5 2. Nf3 Nc6 3. Bb5 f5 4. d3 fxe4 5. dxe4 Nf6 6. Nc3 Bb4 7. 0-0 Bxc3 8. bxc3 0-0 9. Bc4+ Kh8 10. Bg5 d6 11. Nh4 Qe8 12. Bd3 Bd7 13. Qd2 Qh5 14. Be2 Bg4 15. Bxg4 Qxg4 16. f3 Qe6 17. Nf5 Ne7 18. Ne3 Nd7 19. Rab1 b6 20. Nd5 Nxd5 21. exd5 Qg6 22. Rb4 Nf6 23. Bxf6 Rxf6 24. Rc4 Rf7 25. Qd3 Qf6 26. Re1 Re8 27. Ree4 Ree7 1/2-1/2

[Event "Terrassa op"]
[Site "Terrassa"]
[Date "1994.??.??"]
[Round "2"]
[White "Zair, Abdelkarim"]
[Black "Bellon Lopez, Juan Manuel"]
[Result "1/2-1/2"]
[WhiteElo "2265"]
[BlackElo "2460"]
[PlyCount "153"]
[EventDate "1994.07.??"]
[EventType "swiss"]
[EventRounds "9"]
[EventCountry "ESP"]
[SourceTitle "EXT 2000"]
[Source "ChessBase"]
[SourceDate "1999.11.16"]
[SourceVersion "1"]
[SourceVersionDate "1999.11.16"]
[SourceQuality "1"]

1. e4 c5 2. Nf3 e6 3. d4 cxd4 4. Nxd4 a6 5. Bd3 d6 6. 0-0 Nf6 7. Qe2 Qc7 8. c4 g6 9. Nc3 Bg7 10. Be3 0-0 11. Rac1 b6 12. f4 Nbd7 13. Kh1 Bb7 14. Bb1 Rac8 15. b3 Qb8 16. Nf3 Qa8 17. Rfd1 d5 18. e5 Ng4 19. Bg1 Rfe8 20. Na4 b5 21. cxb5 axb5 22. Nc5 Nxc5 23. Bxc5 b4 24. h3 Qa5 25. Bd6 Nh6 26. Qe1 Bf8 27. Bxf8 Rxf8 28. Rxc8 Bxc8 29. Qh4 Kg7 30. Qf6+ Kg8 31. Qh4 Nf5 32. Bxf5 exf5 33. Qh6 Qc7 34. Ng5 f6 35. exf6 Rxf6 36. Re1 Rf8 37. Qh4 Qd7 38. Nf3 Re8 39. Rxe8+ Qxe8 40. Qf6 Be6 41. Qd4 Qe7 42. Kg1 h6 43. h4 Bf7 44. Kf2 Qc7 45. Qxb4 Qa7+ 46. Kg3 Qxa2 47. Qb8+ Kg7 48. Qe5+ Kg8 49. b4 Qb3 50. Qd6 Kh7 51. Kh2 Qc4 52. Kg3 Qb3 53. Qc5 d4 54. Qxd4 Bd5 55. Qa7+ Kg8 56. Qb8+ Kf7 57. Qc7+ Kf8 58. Qd6+ Kf7 59. h5 gxh5 60. Qxh6 Bxf3 61. gxf3 Qxb4 62. Qxh5+ Kg7 63. Qg5+ Kh8 64. Qf6+ Kg8 65. Qxf5 Qe1+ 66. Kh3 Qh1+ 67. Kg4 Qg2+ 68. Kh4 Qf2+ 69. Kg5 Qxf3 70. Kf6 Qb7 71. Qe6+ Kf8 72. Qd6+ Ke8 73. f5 Qg7+ 74. Ke6 Qf6+ 75. Kd5 Qxf5+ 76. Qe5+ Qxe5+ 77. Kxe5 1/2-1/2

[Event "Terrassa op"]
[Site "Terrassa"]
[Date "1994.??.??"]
[Round "8"]
[White "Zair, Abdelkarim"]
[Black "Mellado Trivino, Juan"]
[Result "0-1"]
[WhiteElo "2265"]
[BlackElo "2400"]
[PlyCount "120"]
[EventDate "1994.07.??"]
[EventType "swiss"]
[EventRounds "9"]
[EventCountry "ESP"]
[SourceTitle "EXT 2000"]
[Source "ChessBase"]
[SourceDate "1999.11.16"]
[SourceVersion "1"]
[SourceVersionDate "1999.11.16"]
[SourceQuality "1"]

1. e4 e6 2. d4 d5 3. Nc3 Nf6 4. Bg5 Be7 5. e5 Nfd7 6. Bxe7 Qxe7 7. f4 0-0 8. Nf3 c5 9. Qd2 Nc6 10. 0-0-0 Nb6 11. h4 Bd7 12. Rh3 f6 13. dxc5 Qxc5 14. Kb1 fxe5 15. fxe5 Nc4 16. Bxc4 Qxc4 17. h5 Rf5 18. h6 g6 19. Rh4 Qc5 20. Qe1 Raf8 21. a3 Rf4 22. Rxf4 Rxf4 23. Qg3 Rf8 24. Qg4 Rf5 25. Qh4 Qf8 26. Re1 Rf4 27. Qh2 a6 28. Nd1 Na5 29. Nf2 Nc4 30. Nd3 Rg4 31. Qh1 a5 32. Re2 Bb5 33. Qc1 d4 34. Rf2 Qd8 35. Nh2 Re4 36. Nc5 Rxe5 37. Nd3 Rf5 38. Rxf5 exf5 39. Qf4 Qd6 40. Qh4 Ne3 41. Qf4 Qxf4 42. Nxf4 Bc6 43. g3 Be4 44. Kc1 Nxc2 45. Ne6 Ne3 46. Nxd4 Kf7 47. Kd2 Nd5 48. g4 Kf6 49. gxf5 gxf5 50. Nhf3 f4 51. Ke2 Ne3 52. Nd2 Bd5 53. Kd3 Nf5 54. Ne2 Ke5 55. Nc3 Nxh6 56. Nxd5 Kxd5 57. Nc4 Ng4 58. Nxa5 h5 59. Nb3 h4 60. Ke2 h3 0-1

[Event "Olympiad-30"]
[Site "Manila"]
[Date "1992.06.15"]
[Round "7.2"]
[White "Zair, Abdelkarim"]
[Black "Hamid, Rani"]
[Result "1-0"]
[WhiteElo "2205"]
[BlackElo "2105"]
[PlyCount "143"]
[EventDate "1992.06.08"]
[EventType "team-swiss"]
[EventRounds "14"]
[EventCountry "PHI"]
[SourceTitle "TD"]
[Source "ChessBase"]
[SourceDate "1994.03.01"]
[SourceVersion "1"]
[SourceVersionDate "1994.03.01"]
[SourceQuality "1"]
[WhiteTeam "Morocco"]
[BlackTeam "Bangladesh"]
[WhiteTeamCountry "MAR"]
[BlackTeamCountry "BAN"]

1. Nf3 Nf6 2. c4 c5 3. g3 g6 4. Bg2 Bg7 5. 0-0 0-0 6. Nc3 Nc6 7. d4 cxd4 8. Nxd4 Nxd4 9. Qxd4 d6 10. Qd3 Rb8 11. c5 Bf5 12. e4 Be6 13. cxd6 exd6 14. Bf4 Qb6 15. Rfd1 Ng4 16. Qd2 Rbd8 17. Rac1 Rd7 18. b3 Rfd8 19. h3 Ne5 20. Bg5 Re8 21. Be3 Qd8 22. f4 Nc6 23. Qf2 Qa5 24. Nd5 f5 25. exf5 gxf5 26. Kh2 Kh8 27. Rd3 Qa3 28. Rcd1 Bxd5 29. Rxd5 Rde7 30. Bc1 Qb4 31. Bf3 Re6 32. Bb2 Bc3 33. R1d3 Bg7 34. Bxg7+ Kxg7 35. Rxf5 Qa3 36. Rd2 Re3 37. Rfd5 R8e6 38. Bg4 R6e4 39. Rxd6 Qc1 40. Bf3 Re7 41. Rd7 Re1 42. Rxe7+ Rxe7 43. Bxc6 Qxc6 44. Qd4+ Kf7 45. Qc4+ Qxc4 46. bxc4 Rc7 47. Kg2 Ke6 48. Rd4 Rc5 49. Kf3 Ra5 50. Rd5 Rxa2 51. Rh5 Rb2 52. Rh6+ Kd7 53. Rxh7+ Kc6 54. Rh5 Rb4 55. Ra5 a6 56. c5 Rb3+ 57. Kg4 Rc3 58. h4 Kd7 59. h5 Ke7 60. Kh4 Kf6 61. g4 Rc1 62. c6 Rxc6 63. g5+ Kg7 64. h6+ Kh7 65. Rd5 b5 66. Rd7+ Kh8 67. Rb7 a5 68. Rxb5 Ra6 69. Rb8+ Kh7 70. Kh5 a4 71. g6+ Rxg6 72. Rb7+ 1-0